|
|
|
|
| LEADER |
01480nam a2200349 a 4500 |
| 001 |
4029269 |
| 003 |
BD-DhAAL |
| 005 |
20241209135434.0 |
| 008 |
090702s1997 miua 001 0 eng d |
| 010 |
|
|
|a 97224570
|
| 020 |
|
|
|a 0472083694
|
| 020 |
|
|
|a 9780472083695
|
| 040 |
|
|
|a DLC
|c DLC
|d BD-DhAAL
|
| 082 |
0 |
0 |
|a 808/.042
|2 21
|
| 100 |
1 |
|
|a Menasche, Lionel,
|d 1944-
|9 57255
|
| 245 |
1 |
0 |
|a Writing a research paper /
|c Lionel Menasche.
|
| 250 |
|
|
|a Revised edition
|
| 260 |
|
|
|a Ann Arbor :
|b University of Michigan Press,
|c c1997.
|
| 300 |
|
|
|a x, 148 pages :
|b illustrations ;
|c 26 cm.
|
| 490 |
1 |
|
|a Pitt series in English as a second language
|
| 504 |
|
|
|a Includes index.
|
| 526 |
|
|
|a AAL
|x CFL(Present BIL)
BRAC University.
|
| 541 |
1 |
|
|a Amazon.com
|e 00018260
|
| 650 |
|
0 |
|a English language
|x Textbooks for foreign speakers.
|
| 650 |
|
0 |
|a English language
|x Rhetoric
|x Problems, exercises, etc.
|
| 650 |
|
0 |
|a Academic writing
|x Problems, exercises, etc.
|9 57256
|
| 650 |
|
0 |
|a Research
|x Problems, exercises, etc.
|9 57257
|
| 830 |
|
|
|a Pitt series in English as a second language
|9 57258
|
| 852 |
4 |
|
|a Ayesha Abed Library
|j General shelf
|
| 942 |
|
|
|2 ddc
|c BK
|
| 999 |
|
|
|c 2001
|d 2001
|
| 952 |
|
|
|0 0
|1 0
|2 ddc
|4 0
|6 808_042000000000000_MEN_1997
|7 0
|9 1838
|a BRACUL
|b BRACUL
|c GEN
|d 2009-07-05
|e Amazon.com
|g 6190.00
|l 13
|m 48
|o 808.042 MEN
|p 3010018260
|r 2025-07-08
|s 2025-07-01
|t 1
|w 2009-07-05
|y BK
|x Requisitioned by CFL(Present BIL), BRAC University.$51.64 converted from Dollar to Taka on 9.12.2024.
|